| Tag |
First Indicator |
Second Indicator |
Subfields |
| LEADER |
00000cas a22000007a 4500 |
| 001 |
in00002124656 |
| 005 |
20151103064005.0 |
| 006 |
m d |
| 007 |
cr un||||||||| |
| 008 |
050614c19099999nyuwx pss 0 a0eng d |
| 010 |
|
|
|a 2008214621
|
| 019 |
|
|
|a 38371798
|a 41302945
|
| 022 |
0 |
|
|a 1943-3697
|y 0002-7049
|2 1
|
| 029 |
0 |
|
|a OCLCS
|b 16350
|
| 029 |
1 |
|
|a OCLCS
|b OP-22050
|
| 035 |
|
|
|a (OCoLC)ocm60620758
|
| 035 |
|
|
|a (OCoLC)60620758
|z (OCoLC)38371798
|z (OCoLC)41302945
|
| 037 |
|
|
|b America Magazine, 106 West 56th St., New York, NY 10019
|
| 040 |
|
|
|a OCLCS
|c OCLCS
|d NSD
|d OCLCQ
|d UtOrBLW
|
| 042 |
|
|
|a nsdp
|a lcd
|
| 049 |
|
|
|a TXAM
|
| 050 |
|
4 |
|a BX801
|b .A5 Electronic
|
| 082 |
0 |
4 |
|a 282
|
| 082 |
1 |
0 |
|a 282
|2 14
|
| 130 |
0 |
|
|a America (New York, N.Y. : 1909 : Online)
|
| 222 |
|
0 |
|a America
|b (New York, N.Y. 1909. Online)
|
| 245 |
1 |
0 |
|a America.
|
| 264 |
|
1 |
|a New York, N.Y. :
|b America Press.
|
| 310 |
|
|
|a 41 no. a year
|
| 321 |
|
|
|a Weekly (irregular)
|
| 336 |
|
|
|a text
|b txt
|2 rdacontent
|
| 337 |
|
|
|a computer
|b c
|2 rdamedia
|
| 338 |
|
|
|a online resource
|b cr
|2 rdacarrier
|
| 362 |
1 |
|
|a Print began with: Vol. 1 in (no. 1-); Apr. 17, 1909.
|
| 500 |
|
|
|a Description based on: Volume 182 number 1 (Jan. 1 2000) = whole number 4471; title from caption (viewed publisher's Web site July 21, 2008).
|
| 500 |
|
|
|a Latest issue consulted: Volume 199 number 1 (July 21, 2008) = whole number 4821 (viewed publisher's Web site July 21, 2008).
|
| 500 |
|
|
|a Description based on print version record.
|
| 515 |
|
|
|a Combined issues are published biweekly in some months.
|
| 530 |
|
|
|a Also issued in print.
|
| 538 |
|
|
|a Mode of access: World Wide Web.
|
| 550 |
|
|
|a Published by Jesuits of the United States and Canada.
|
| 500 |
|
|
|a Electronic resource.
|
| 610 |
2 |
0 |
|a Catholic Church
|v Periodicals.
|
| 776 |
1 |
|
|t America
|x 0002-7049
|w (DLC) 10002409
|w (OCoLC)1479242
|
| 780 |
0 |
2 |
|t Messenger
|
| 949 |
|
|
|a updated
|b h
|c 2009/12/3
|e spoltoratski
|f 12:24:54 pm
|
| 994 |
|
|
|a C0
|b TXA
|
| 999 |
|
|
|a MARS
|
| 999 |
f |
f |
|s 248b2dbf-9ef4-3dcb-bbd9-0484b5af0030
|i 6dccdc51-1ba9-36a8-a9a6-cbd4414bac04
|t 0
|
| 952 |
f |
f |
|a Texas A&M University
|b College Station
|c Electronic Resources
|d Available Online
|t 0
|e BX801 .A5
|g Electronic
|h Library of Congress classification
|
| 998 |
f |
f |
|a BX801 .A5
|t 0
|l Available Online
|